| 000 | 00638nam a22001817a 4500 | ||
|---|---|---|---|
| 020 | _a978-969-562-452-4 | ||
| 082 |
_a891.4393 _bFAR |
||
| 100 | _aDr. Iqbal Afaqi | ||
| 245 |
_aUrdu Afsana: Fun, Hunar aur Mastani Tajziye/ _cAfaqi, Dr. Iqbal |
||
| 260 |
_aLahore: _bFiction House, _c2012. |
||
| 300 |
_a256 p. _c22cm. |
||
| 563 | _aHB. | ||
| 650 |
_aUrdu Literature - Afsanay. _9129782 |
||
| 880 |
_6100-01\(3\r _aڈاکڑ اقبال آفاقی |
||
| 880 |
_6245-02\(03\r _aاردو افسانہ: فن، ہنر اور مستنی تجزیے |
||
| 880 |
_6260-03\(03\r _aلاہور: _bفکشن ہاوس , _c2012. |
||
| 942 |
_2ddc _cBK |
||
| 999 |
_c614320 _d614320 |
||